Datum a čas kvízu
18
Celkem bodů
Celkový počet nahraných bodů na tomto kvízu bez doplňovacích otázek.
6.
Pořadí na kvízu
Konečné umístění týmu na tomto kvízu.
Zaznamenané odpovědi
| # | Otázka | Odpověď | Body | Výsledky |
|---|---|---|---|---|
| 1. | Šéf Generální inspekce bezpečn... | 0 | ||
| 2. | Drobná africká monarchie slaví... | 0 | ||
| 3. | Pořadatelé karlovarského filmo... | 1 | ||
| 4. | Minulý týden oslavila kulaté 7... | 0 | ||
| 5. | Kouč hokejové reprezentace Jos... | 0 | ||
| 6. | Jak se jmenuje festival dokume... | 1 | ||
| 7. | Velký úspěch minulý rok zaznam... | 0 | ||
| 8. | Olga Sommerová je od roku 2014... | 0 | ||
| 9. | Režisérka Helena Třeštíková na... | 0 | ||
| 10. | Seřaďte tyto dokumenty podle j... | 1 |